Tajomná Šimonka

Bibliographic Details
Main Author: Hrabková, Tamara (Author)
Format: Article
Language:Slovak
PhysicalDescription:Fotogr.
ISSN:1336-4030
Subjects:
Online Access:www.vecernik.po.sk

MARC

LEADER 00000nab a2200000 a 4500
001 vtls008963945
003 SK-MaSNL
005 20260303070802.0
008 070413c20070206xo dr n 000 00slo
015 |a SNBRB2007/04SVKPO 
038 |a SVKPOCL 
040 |a SVKPOCL  |b slo  |c AACR2  |e AACR2 
041 |a slo 
044 |a xo  |c SK 
080 |a 908  |2 2001 
080 |a 796.5  |2 2001 
100 1 |a Hrabková, Tamara  |4 aut  |9 852442 
245 1 0 |a Tajomná Šimonka  |c text a foto: Tamara Hrabková 
300 |a Fotogr. 
500 |a V rubrike Poznaj svoj kraj 
650 0 7 |a turistika  |2 svkpocl  |9 683 
650 0 7 |a prírodné krásy  |2 svkpocl  |9 287668 
650 0 7 |a všeobecnosti a zaujímavosti  |2 svkpocl  |9 4162 
651 7 |a Šimonka (Slanské vrchy, Slovensko : vrch)  |2 svkpocl  |9 100532 
651 7 |a Štátna prírodná rezervácia Šimonka (Slovensko)  |2 svkpocl  |9 59889 
651 7 |a Slanské vrchy (Slovensko : pohorie)  |2 svkpocl  |9 56228 
773 0 |t Prešovský večerník  |g Roč. XVIII, č. 4132 (6.2.2007), s. 10-11  |x 1336-4030 
852 |a SVKPO  |b KIS3GCP 
856 4 1 |u www.vecernik.po.sk 
958 |a RG 
999 |c 1756914  |d 1758844